[Event "7th RTU Open 2017"]
[Site "Riga"]
[Date "2017.08.07"]
[Round "1"]
[White "Schroeder, Jan-Christian"]
[Black "Horstmann, Olaf"]
[Result "1-0"]
[WhiteElo "2539"]
[BlackElo "2199"]
[Annotator "TA"]
[PlyCount "77"]
[EventDate "2017.??.??"]
[EventType "swiss"]
[EventCountry "LAT"]
[SourceTitle "playchess.com"]
[Source "ChessBase"]
[SourceQuality "1"]

{[%evp 18,77,111,110,144,152,143,146,148,143,150,149,157,128,131,107,179,176,179,169,179,169,174,172,172,173,182,192,192,180,241,228,246,210,312,283,383,389,360,300,307,289,497,431,360,468,884,400,907,603,487,483,1937,1666,29994,29995,29995,29994,29997,29998,29998,29999]} 1. e4 e6 2. d4 d5 3. Nd2 Nc6 4. Ngf3 Nf6 5. e5 Nd7 6. Nb3 f6 7. Bb5 Be7 8. exf6 {C04: French Tarrasch: 3...Nc6} Bxf6 9. O-O O-O 10. Re1 {LiveBook: 3 Games. White is better.} (10. Bf4 Nb6 11. Bxc6 bxc6 12. Nc5 Nc4 13. b3 e5 14. Nxe5 Bxe5 15. Bxe5 Nxe5 16. dxe5 {½-½ (53) Nevednichy,V (2540)-Balog,I (2552) Hungary 2012}) 10... Qe7 $146 ({Predecessor:} 10... Ndb8 11. c3 Qd6 12. Qe2 Nd8 13. g3 b6 14. Bf4 Qe7 15. Bd3 g5 {0-1 (41) Karlsson,B (2271)-Thorarinsson,P (2252) Reykjavik 2016}) 11. Bf4 Nb6 12. Bxc6 bxc6 13. Nc5 Nc4 14. b3 {[%cal Bb2b3,Bb3b4,Bb4c5][%mdl 32]} Nd6 15. Qd2 Nb7 16. b4 Nxc5 (16... a5 $16 {might work better.}) 17. bxc5 $18 Rb8 18. Re3 {[%cal Be1e3,Be3a3,Ba3a7,Ba7c7][%mdl 32]} Qf7 19. Bg3 Rb5 20. Rae1 Rb2 21. Ra3 Qg6 22. Rxa7 Rxc2 23. Qe3 e5 (23... Qe4 $142 24. Ne5 (24. Rxc7 Rxa2 25. Rxc6 Bd7 $18) (24. Qxe4 dxe4 25. Ne5 Bxe5 $16) 24... Qxe3 25. fxe3 h5) 24. Nxe5 Bxe5 25. Qxe5 {And now h3 would win.} ({Less strong is} 25. dxe5 Qf7 $16) 25... Bf5 (25... Bd7 $142) 26. Rxc7 Be4 27. f3 Bf5 28. a4 h5 {intending ...h4.} 29. h4 Ra2 $2 (29... Kh7 30. a5 Ra2) 30. Ra7 Kh7 31. Kh2 Rf6 (31... Rf7 $142) 32. Re2 (32. Qb8 $142 Be6 33. Re5) 32... Ra1 (32... Rxe2 $142 33. Qxe2 Kg8) 33. Qc7 {[#] White wants to mate with Re7.} Be6 34. Qd8 Rxf3 (34... Bf7 $142 35. Rb7 Rd1) 35. gxf3 Qd3 {[#]} 36. Rxg7+ $1 {White mates.} Kxg7 37. Be5+ Kh7 38. Qh8+ Kg6 39. Qg7+ {Precision: White = 88%, Black = 38%.} 1-0

[Event "7th RTU Open 2017"]
[Site "Riga"]
[Date "2017.08.07"]
[Round "1"]
[White "Vishnu, Prasanna. V"]
[Black "Apanasenok, Alexander"]
[Result "1-0"]
[WhiteElo "2538"]
[BlackElo "2196"]
[Annotator "TA"]
[PlyCount "79"]
[EventDate "2017.??.??"]
[EventType "swiss"]
[EventCountry "LAT"]
[SourceTitle "playchess.com"]
[Source "ChessBase"]
[SourceQuality "1"]

{[%evp 20,79,37,22,43,48,56,52,58,53,54,70,67,18,30,34,43,31,41,33,36,13,15,8,10,8,20,10,30,30,58,41,49,49,55,61,181,154,154,154,155,155,262,285,398,404,367,378,353,211,495,415,1813,1854,1518,1507,1779,1827,12812,5808,1693,1550]} 1. e4 d6 2. d4 Nf6 3. Nc3 Nbd7 4. Nf3 e5 5. Bc4 Be7 6. O-O O-O 7. h3 c6 8. a4 {[%cal Ba2a4,Ba4a5][%mdl 32]} Qc7 9. Re1 h6 10. a5 {C41: Philidor Defence} Re8 11. Ba2 {LiveBook: 7 Games} exd4 $146 ({Predecessor:} 11... Nf8 12. Qd3 Bd8 13. b4 Ng6 14. d5 a6 15. Be3 cxd5 16. Nxd5 Nxd5 17. Bxd5 {½-½ (69) Shytaj,L (2466)-Kobalia,M (2648) Tromsoe 2010}) 12. Nxd4 {White is slightly better.} Nc5 13. Bf4 Bf8 {[%cal Rc5e4]} 14. Qf3 Ne6 15. Bxe6 Bxe6 16. e5 Nd5 17. Nxe6 Rxe6 18. Nxd5 cxd5 19. Qxd5 {[#] aiming for exd6.} Rae8 20. Be3 Rxe5 21. Qd2 a6 22. Red1 Qc6 23. Ra3 Re4 24. Rb3 R8e6 25. Qd5 $36 {[%mdl 2048] Strongly threatening Qxc6. White fights for an advantage.} (25. Rb6 $5 {[%cal Rb6c6]} Qc7 26. Qc3 $14) 25... Qxc2 26. Rc1 {[%cal Bd1c1,Bc1c8,Bc8b8][%mdl 32]} Qe2 27. Rc8 Rxe3 (27... Rb4 $1 $14) 28. Rxe3 $18 ({Don't take} 28. fxe3 $6 Qe1+ 29. Kh2 Rf6 $14) 28... Rxe3 29. fxe3 Qxe3+ $14 {[%mdl 4096] Endgame KQR-KQB} 30. Kh1 Qe7 {[#]} (30... g6 $16 31. Qxd6 (31. Qxb7 Qe1+ 32. Kh2 Qe5+ 33. Kh1 Qe1+ 34. Kh2 Qe5+ 35. g3 d5 $11) 31... Qc1+ 32. Rxc1 Bxd6) 31. Rb8 $1 $18 Qc7 32. Rxb7 Qc1+ 33. Kh2 Qf4+ 34. Kg1 (34. g3 $142 Qf1 35. b4) 34... Qe3+ $2 (34... g6 35. Qf3 Qc4) 35. Kf1 Be7 (35... Qf4+ $142 36. Ke2 Qf6) 36. Rb8+ {White is clearly winning.} Bf8 37. Qxd6 Qc1+ 38. Kf2 Qxb2+ 39. Rxb2 {Intending Rb8 and mate.} Bxd6 40. Rb6 {Precision: White = 83%, Black = 28%.} 1-0

[Event "7th RTU Open 2017"]
[Site "Riga"]
[Date "2017.08.07"]
[Round "1"]
[White "Bailet, Pierre"]
[Black "House, Glenn L"]
[Result "1-0"]
[WhiteElo "2536"]
[BlackElo "2193"]
[Annotator "TA"]
[PlyCount "65"]
[EventDate "2017.??.??"]
[EventType "swiss"]
[EventCountry "LAT"]
[SourceTitle "playchess.com"]
[Source "ChessBase"]
[SourceQuality "1"]

{[%evp 20,65,27,0,11,23,24,0,0,0,0,0,0,5,13,0,0,0,55,58,60,37,148,102,255,204,203,100,110,101,105,99,237,241,444,449,623,624,612,616,559,443,452,434,482,476,611,592]} 1. e4 c5 2. Nf3 e6 3. g3 Nc6 4. Bg2 Nf6 5. Nc3 d6 6. d4 cxd4 7. Nxd4 Bd7 8. O-O Be7 9. Nb3 a6 10. a4 O-O 11. g4 {LiveBook: 5 Games} h6 {B80: Sicilian Scheveningen: 6 g3 and 6 Be3, including English Attack} (11... e5 12. h3 Nb4 13. Be3 Rc8 14. a5 Be6 15. Ra4 d5 16. Bb6 Qd6 17. Rxb4 Qxb4 18. exd5 Bd7 19. Re1 {½-½ (26) Predojevic,B (2600)-Bernasek,J (2506) Austria 2013}) 12. f4 b5 $146 ({Predecessor:} 12... Rc8 13. a5 Nb4 14. Be3 Qe8 15. Bf2 e5 16. f5 Bc6 17. Re1 Qd7 18. Bf3 Rfd8 19. Bb6 {½-½ (39) Arndt,S-Urlau,T GER email 2008}) 13. axb5 (13. e5 $5 dxe5 14. g5 hxg5 15. fxg5 $11) 13... Qb6+ {The position is equal.} 14. Kh1 axb5 15. Rxa8 Rxa8 {[#]} 16. e5 $1 {[%mdl 512]} Ne8 $1 (16... dxe5 17. g5) 17. f5 Rd8 18. f6 $36 {[%mdl 2048] White has good play.} Bf8 (18... gxf6 $11 19. exf6 Bxf6) 19. fxg7 $14 Bxg7 20. exd6 {Hoping for g5.} Bc8 (20... Ne5 $14) 21. Ne4 {Threatens to win with g5.} f5 $2 (21... Ne5 $16 {might work better.}) 22. gxf5 exf5 23. Ng3 (23. Qh5 $18 Ne5 24. Bxh6 fxe4 25. Bxg7 Nxg7 26. Qxe5 Qxd6 27. Qxe4) 23... Rxd6 $16 24. Qe2 Re6 25. Bd5 Nc7 (25... Nb4 $16 {was necessary.} 26. Bxe6+ Bxe6) 26. Bxe6+ $18 Nxe6 $2 (26... Bxe6 27. Nxf5 Bd5+ 28. Rf3 Kh7) 27. Nxf5 {White is clearly winning.} Ne5 28. Ne7+ Kh8 29. Nxc8 Qc6+ 30. Qg2 Qxc8 31. Qe4 Qc4 {[%cal Rc4f1]} 32. Re1 Qc8 {[#]} 33. Bxh6 $1 {Precision: White = 58%, Black = 26%.} 1-0

[Event "7th RTU Open 2017"]
[Site "Riga"]
[Date "2017.08.07"]
[Round "1"]
[White "Dastan, Muhammed Batuhan"]
[Black "Garanin, Aleksei"]
[Result "1-0"]
[WhiteElo "2529"]
[BlackElo "2192"]
[Annotator "TA"]
[PlyCount "83"]
[EventDate "2017.??.??"]
[EventType "swiss"]
[EventCountry "LAT"]
[SourceTitle "playchess.com"]
[Source "ChessBase"]
[SourceQuality "1"]

{[%evp 14,83,24,45,43,52,46,6,0,0,56,56,77,41,40,-6,34,10,58,30,71,64,170,151,141,146,162,145,146,146,178,102,134,47,15,0,65,72,47,25,34,0,0,0,0,-79,-50,-55,0,-61,-66,-63,-72,-482,-479,-481,-457,-437,962,1160,1279,1158,1165,0,0,0,171,0,0,-47,1013,918]} 1. e4 c5 2. Nf3 d6 3. d4 cxd4 4. Nxd4 Nf6 5. Nc3 a6 6. h4 {B90: Sicilian Najdorf: Unusual White 6th moves, 6 Be3 Ng4 and 6 Be3 e5} e5 7. Nb3 Be6 8. f4 {LiveBook: 10 Games. White has an edge.} Qc7 $146 ({Predecessor:} 8... Nc6 9. f5 Bxb3 10. axb3 d5 11. exd5 Nd4 12. Bd3 Nxd5 13. Bb5+ Nxb5 14. Nxd5 {½-½ (66) Naroditsky,D (2646)-Zherebukh,Y (2605) Saint Louis 2017}) 9. f5 Bc4 10. Nd2 Bxf1 11. Nxf1 Qc6 (11... Nbd7 $11) 12. Qf3 $14 b5 13. Ne3 Nbd7 14. Bd2 Nb6 15. a3 Rd8 16. O-O-O a5 17. Ncd5 Nfxd5 (17... b4 $14) 18. exd5 $18 Qa8 19. f6 gxf6 20. Qxf6 Rg8 21. Rhf1 {[%csl Gf1][%cal Rf6f7]} Rd7 22. Qf3 (22. Qf5 $18) 22... b4 $16 23. a4 ({Stronger than} 23. axb4 axb4 24. Bxb4 Bh6 $17) (23. b3 $16) 23... Nxa4 $14 24. g4 {[%cal Bg2g4,Bg4g5][%mdl 32]} Nc5 (24... Qa6 $11) 25. g5 b3 26. Ng4 (26. Qf5 $5 {[%cal Re3g4]} bxc2 27. Qxc2 $14) 26... Bg7 27. cxb3 a4 28. Bb4 axb3 29. Ba3 (29. Kd2 $11) 29... Qa4 (29... Qa6 $5 {[%cal Ra6c4]} 30. Kb1 e4 31. Nf6+ Bxf6 32. Qxf6 Qc4 $17) 30. Kb1 e4 ({Black should play} 30... Kd8 $15) 31. Nf6+ ({White should try} 31. Qf5 $1 $11) 31... Bxf6 $15 32. Qxf6 {aiming for Rd4.} Qc4 $1 {[%cal Rc4c2] White must now prevent ...Qc2+.} 33. Rf2 $2 {[%mdl 8192]} (33. Rc1 $17 Qd3+ 34. Ka1) 33... e3 $19 34. Rd4 Qa6 35. Rf1 Qe2 $4 {[%mdl 8192]} (35... Re7 $19 36. Re1 e2) 36. Rc1 $1 $18 {[%cal Rc1c5] White wants to mate with Rxc5.} Qf2 37. Rf4 Qd2 {[#]} 38. Rb4 $2 ({Only move:} 38. Re4+ $1 $18 {[%mdl 512]} Kf8 (38... Nxe4 39. Rc8+) 39. Rb4 Qxc1+ 40. Kxc1 Nd3+ 41. Kd1 Nxb4 42. Bxb4) 38... Rd8 $11 {And now ...e2 would win.} 39. Rd4 $40 {[%mdl 128] Black needs to defend precisely.} Qg2 $2 {[#]} (39... Rg6 $11 {and Black stays safe.} 40. Qf4 Qf2) 40. Bxc5 $2 (40. Qf5 $1 $18 Rg7 41. Bxc5 dxc5 {[#]} 42. d6 $1 {[%mdl 512]} (42. Rxc5 Kf8 $14)) 40... Rg6 $1 {[%cal Rg6f6]} 41. Qh8+ Ke7 $2 {[%mdl 8192]} (41... Kd7 $15 42. Qxh7 Qf3) 42. Qe5+ {Precision: White = 42%, Black = 43%.} 1-0

[Event "7th RTU Open 2017"]
[Site "Riga"]
[Date "2017.08.07"]
[Round "1"]
[White "Travkina, Anastasia"]
[Black "Sasikiran, Krishnan"]
[Result "1/2-1/2"]
[WhiteElo "2265"]
[BlackElo "2688"]
[Annotator "TA"]
[PlyCount "109"]
[EventDate "2017.??.??"]
[EventType "swiss"]
[EventCountry "LAT"]
[SourceTitle "playchess.com"]
[Source "ChessBase"]
[SourceQuality "1"]

{[%evp 30,109,81,31,39,21,9,14,25,0,0,-6,0,0,-11,0,0,0,0,0,0,0,0,0,0,0,0,0,0,0,0,0,0,-8,-8,0,0,0,0,0,0,0,0,0,0,-13,0,0,0,0,0,0,0,0,0,0,0,0,0,0,0,0,0,0,0,0,0,0,0,0,0,0,0,0,0,0,0,0,0,0,0,0]} 1. e4 c5 2. Nf3 d6 3. d4 cxd4 4. Nxd4 Nf6 5. Nc3 a6 6. Bg5 e6 7. f4 Be7 8. Qf3 Qc7 9. O-O-O Nbd7 10. g4 b5 11. Bxf6 Nxf6 12. g5 Nd7 13. f5 Bxg5+ 14. Kb1 Ne5 15. Qh5 Qd8 16. fxe6 {And now Nf3 would win.} g6 {B99: Sicilian Najdorf: 6 Bg5 e6 7 f4 Be7 8 Qf3 Qc7 9 0-0-0 Nbd7} 17. exf7+ $1 Kxf7 18. Qe2 Bg4 19. Qf2+ (19. Nc6 $5 Qc8 20. Nxe5+ dxe5 21. Qf2+ Kg7 22. Be2 $14) 19... Qf6 {The position is equal.} 20. Qxf6+ Bxf6 21. Be2 Bxe2 22. Ndxe2 Nc4 23. Nd4 Rhe8 24. Nd5 $146 {[#] Black must now prevent Rhf1.} ({Find the theoretical novelty and annotate with similar games:} 24. Rhe1) 24... Bxd4 25. Rxd4 Rxe4 26. Rxe4 Nd2+ 27. Kc1 Nxe4 $11 {[%mdl 4096] Endgame KRN-KRN} 28. Re1 Re8 29. Nc7 Re5 30. Nxa6 Ke6 31. Nc7+ Kf5 32. Re3 Rc5 33. Ne6 Kxe6 34. Rxe4+ {KR-KR} Kf5 35. Rd4 Ke5 36. c3 g5 37. Rg4 h6 (37... Kf5 $5 {[%cal Rf5g4]} 38. Rd4 Ke6 $11) 38. Kd2 d5 39. b3 Rc6 40. a4 bxa4 41. bxa4 Rc5 42. Kd3 Ra5 43. Rb4 h5 44. c4 dxc4+ 45. Rxc4 g4 46. Ke3 Rd5 47. Rb4 Rc5 48. Rb5 Rxb5 $1 49. axb5 {[%cal Ba4b5,Bb5b6][%mdl 32] KPP-KPP} h4 50. b6 {[#] White wants to mate with b7.} Kd6 51. Kf4 g3 $1 {[%cal Rg3h2]} 52. hxg3 hxg3 {...g2 is the strong threat.} 53. Kxg3 Kc6 54. Kf3 Kxb6 55. Ke4 {Precision: White = 89%, Black = 95%.} 1/2-1/2

[Event "7th RTU Open 2017"]
[Site "Riga"]
[Date "2017.08.07"]
[Round "1"]
[White "Jacobs, Florian"]
[Black "Shirov, Alexei"]
[Result "0-1"]
[WhiteElo "2263"]
[BlackElo "2648"]
[Annotator "TA"]
[PlyCount "102"]
[EventDate "2017.??.??"]
[EventType "swiss"]
[EventCountry "LAT"]
[SourceTitle "playchess.com"]
[Source "ChessBase"]
[SourceQuality "1"]

{[%evp 20,102,12,16,8,22,13,18,15,0,0,0,44,-34,-28,-26,1,0,0,0,0,0,0,0,0,0,27,8,8,7,31,0,47,26,47,47,47,47,45,54,65,31,35,0,0,0,0,0,0,-55,-39,-203,-203,-443,-472,-460,-369,-416,-414,-533,-529,-511,-298,-283,-270,-628,-621,-583,-472,-587,-583,-547,-515,-575,-547,-568,-541,-445,-149,-6103,-6102,-5269,-1702,-5529,-5419]} 1. d4 d5 2. c4 c6 3. Nf3 Nf6 4. e3 Bg4 5. Qb3 Qb6 6. Nc3 e6 7. Nh4 {D11: Slav Defence: 3 Nf3 sidelines and 3...Nf6 4 e3 Bg4} Nbd7 8. h3 Bh5 9. g4 Bg6 10. Nxg6 hxg6 11. Bg2 {LiveBook: 92 Games} g5 12. O-O Be7 13. Rd1 Nf8 (13... Qc7 14. e4 Nxe4 15. Nxe4 dxe4 16. Bxe4 {1-0 (30) Carlsen,M (2855)-So,W (2770) Leuven 2016}) 14. Qc2 {[#]} dxc4 $146 ({Predecessor:} 14... Ng6 15. cxd5 exd5 {1-0 (35) Wang,H (2712)-Balogh,C (2657) Mamaia 2015}) 15. e4 e5 16. Be3 (16. dxe5 N6d7 $15) ({White should try} 16. d5 $14) 16... exd4 $1 $15 17. Bxd4 Qc7 18. e5 N6d7 19. Ne4 $1 $36 {[%cal Re4d6][%mdl 2048] Strongly threatening Nd6+! Black is under pressure.} Nxe5 20. Bxe5 Qxe5 {[#]} 21. Nd6+ $1 {[%mdl 512]} Bxd6 22. Re1 Ng6 23. Qxc4 O-O 24. Rxe5 Bxe5 25. Qb3 Rfd8 26. Re1 Bd4 27. Qxb7 Rab8 28. Qc7 Bb6 29. Qxc6 Nf4 30. Bf1 Rd2 31. Re8+ Rxe8 32. Qxe8+ Kh7 33. Qe1 ({But not} 33. Qxf7 $2 Rxf2 34. Qb7 (34. Qf5+ $2 Kh6 $19) 34... Rf3+ 35. Kh2 Rxf1 $19) 33... Rxb2 34. a4 (34. Qe4+ $11 Kh6 35. Bd3 Nxd3 36. Qxd3) 34... Rxf2 {( -> ...Re2+)} 35. Qxf2 $2 {[#]} ({White should play} 35. Qb1+ $15 Kh6 36. Kh1) 35... Kg6 $1 $19 ({Much less strong is} 35... Bxf2+ 36. Kxf2 Ne6 37. a5 $15) 36. Qxb6+ $2 (36. a5 {only move.} Bxf2+ 37. Kxf2) 36... axb6 {[%mdl 4096] Endgame KB-KN} 37. Kf2 Kf6 38. Ke3 Ke5 39. Bc4 f6 40. Bf1 Ne6 41. Bb5 Kd5 42. Kd2 $2 (42. Kf2) 42... Kd4 43. Kc2 Nc5 44. Kb2 Nd3+ 45. Kb3 {intending Bxd3.} Nf4 46. Bf1 Kc5 47. Kc3 g6 {[%cal Bg7g6,Bg6f5,Bf5g4][%mdl 32]} 48. Kb3 {[#]} f5 $2 (48... Kd4 $1 $19 49. Kb4 Nd5+ 50. Kb5 Nc3+ 51. Kb4 Nd5+ 52. Kb5 Nc3+ 53. Kb4 Nd5+) 49. gxf5 $2 {[%mdl 8192]} (49. Kc3 $17) 49... gxf5 {Black is clearly winning.} 50. Kc3 g4 51. hxg4 fxg4 {Precision: White = 29%, Black = 60%.} 0-1

[Event "7th RTU Open 2017"]
[Site "Riga"]
[Date "2017.08.07"]
[Round "1"]
[White "Shailesh, Dravid"]
[Black "Smirin, Ilia"]
[Result "0-1"]
[WhiteElo "2254"]
[BlackElo "2634"]
[Annotator "TA"]
[PlyCount "74"]
[EventDate "2017.??.??"]
[EventType "swiss"]
[EventCountry "LAT"]
[SourceTitle "playchess.com"]
[Source "ChessBase"]
[SourceQuality "1"]

{[%evp 21,74,12,68,64,57,33,39,33,40,0,14,19,40,-19,-19,-17,-6,-13,-10,-31,-37,-93,-57,-61,-65,-155,-154,-161,-153,-229,-227,-204,-212,-214,-209,-227,-137,-145,-143,-183,-193,-162,-184,-266,-262,-267,-260,-869,-860,-852,-750,-1765,-1608,-3271,-2885]} 1. e4 c5 2. Nf3 e6 3. d4 cxd4 4. Nxd4 a6 5. Bd3 Bc5 6. Nb3 Be7 7. O-O d6 8. Qe2 {B42: Sicilian: Kan Variation: 5 Bd3} (8. Qg4 g6 9. Qe2 Nd7 10. Nc3 Qc7 11. Be3 b6 12. a4 h5 13. f4 Ngf6 14. Bd4 O-O 15. f5 Ne5 16. fxg6 fxg6 17. h3 Nfd7 18. Rxf8+ Bxf8 19. Qe3 Bb7 20. Ne2 Re8 21. Nf4 Qd8 22. Nxg6 {1-0 (22) Nakamura,H (2789)-Markus,R (2662) Baku 2016}) 8... Nf6 9. c4 O-O 10. f4 Nc6 11. Nc3 b6 {LiveBook: 5 Games} (11... Nb4 $11) 12. Be3 $14 Bb7 13. Nd4 $146 (13. Rad1 $5 {[%cal Re4e5]}) ({Predecessor:} 13. Kh1 Re8 14. Bg1 Nd7 15. Rad1 {½-½ (55) Soskov,V (2289)-Ehlvest,J (2545) Viljandi 2015}) 13... Nxd4 14. Bxd4 Nd7 15. Be3 Rc8 16. Rac1 Bf6 17. Bd2 (17. Rfd1 $14) 17... Nc5 $11 18. Bb1 $1 Bd4+ 19. Kh1 f5 20. exf5 exf5 {[%cal Be6f5,Bf5e4][%mdl 32]} 21. Nd5 ({White should try} 21. Qd1 $15) 21... Re8 $36 {[%mdl 2048] Black fights for an advantage.} 22. Qf3 $1 Ne4 23. Bxe4 (23. Be3 $1 $15 Bxb2 24. Bxb6) 23... fxe4 $17 ({Don't do} 23... Rxe4 24. b3 $15) 24. Qe2 Bxb2 25. Rcd1 (25. Ne3 $17) 25... Bxd5 $1 $19 26. cxd5 Rc2 {aiming for ...e3!} 27. Qe3 Bf6 28. Rc1 Qc7 29. Qb3 Rc8 30. h3 {[#] Black must now prevent Rxc2.} Bb2 $1 {[%cal Rb2c1]} ({Inferior is} 30... Rxc1 31. Rxc1 Qd7 32. Rc6 $11) 31. Rxc2 Qxc2 32. Qxc2 (32. Qb4 {is a better defense.}) 32... Rxc2 {KRB-KRB} 33. Be3 b5 {[%cal Bb6b5,Bb5b4][%mdl 32]} 34. Rf2 $2 {[#]} (34. Kg1) 34... Rxf2 {Black is clearly winning.} 35. Bxf2 a5 36. Kg1 b4 37. Be1 Bc3 {Precision: White = 30%, Black = 79%.} 0-1

[Event "7th RTU Open 2017"]
[Site "Riga"]
[Date "2017.08.07"]
[Round "1"]
[White "Mohota, Nisha"]
[Black "Onischuk, Vladimir"]
[Result "0-1"]
[WhiteElo "2251"]
[BlackElo "2610"]
[Annotator "TA"]
[PlyCount "72"]
[EventDate "2017.??.??"]
[EventType "swiss"]
[EventCountry "LAT"]
[SourceTitle "playchess.com"]
[Source "ChessBase"]
[SourceQuality "1"]

{[%evp 13,72,45,37,33,22,12,22,6,52,-15,-21,-29,-29,-71,-55,-73,-60,-75,-64,-66,-59,-72,-65,-75,-37,-28,-17,-98,-130,-112,-105,-92,-95,-150,-113,-182,-179,-163,-183,-279,-286,-560,-452,-454,-452,-456,-451,-605,-605,-430,-415,-849,-811,-1740,-1223,-29994,-29995,-29995,-29996,-29996,-29997]} 1. Nf3 g6 2. e4 d6 3. d4 {[%cal Bd2d4,Bd4d5][%mdl 32]} Nf6 4. Nc3 Bg7 5. Be2 O-O 6. O-O a6 7. a4 Nc6 8. d5 {B08: Pirc Defence: Classical System} (8. h3 e5 9. dxe5 dxe5 10. Bg5 Be6 11. Be3 Qe7 12. Qc1 Rad8 13. Rd1 Rxd1+ 14. Bxd1 Rd8 15. a5 Qf8 16. Nd2 h6 {½-½ (42) Gustafsson,J (2626)-Wang,H (2690) Bangkok 2017}) 8... Nb4 9. a5 e6 $1 10. h3 {The position is equal.} c5 $146 ({Find the theoretical novelty and annotate with similar games:} 10... exd5 11. exd5 c5 12. dxc6 bxc6 13. Bf4 Nbd5 14. Nxd5 Nxd5 15. Bg5 Qd7 {1-0 (35) Yevseev,D (2529)-Klimov,S (2521) St Petersburg 2009}) 11. Ne1 (11. dxc6 $14 Nxc6 12. Bg5) 11... exd5 12. exd5 Re8 13. Bc4 Bd7 14. Bg5 h6 15. Bh4 g5 16. Bg3 Bf5 17. Bb3 Rc8 $36 {[%mdl 2048] Black has the initiative.} 18. Ra4 b5 19. axb6 $1 Qxb6 {Strongly threatening ...c4.} 20. Ra3 (20. Bc4 $1 $11 {keeps the balance.}) 20... c4 $17 21. Ba4 Re7 22. Nf3 Bg6 23. Bh2 (23. Qd2 $142) 23... Rc5 {[%cal Rb4d5]} 24. Bc6 (24. Nd2 $17) 24... Bxc2 $19 ({Not} 24... Nxc6 25. Bxd6 Rd7 26. Na4 $16) 25. Qd2 {[#]} Qb8 $1 26. Nd4 (26. h4 $142) 26... Bd3 27. Na4 $2 (27. Raa1 {keeps fighting.}) 27... Rxd5 28. Bxd5 Nfxd5 (28... Nbxd5 29. Nc6 $14) 29. Rxd3 cxd3 ({Weaker is} 29... Nxd3 30. Nc6 $17) 30. Nf5 Re2 31. Qc1 Qe8 32. Nxg7 (32. Qd1 $142) 32... Kxg7 33. Qd1 Qe4 {...Ne3 is the strong threat.} 34. Bxd6 {[#]} Ne3 $1 {[%csl Ge3][%cal Re4g2][%mdl 512] Black mates.} 35. f3 (35. fxe3 Qxg2#) 35... Rxg2+ 36. Kh1 Qe6 {Precision: White = 24%, Black = 84%.} 0-1

[Event "7th RTU Open 2017"]
[Site "Riga"]
[Date "2017.08.07"]
[Round "1"]
[White "Dimitrova, Aleksandra"]
[Black "Ovsejevitsch, Sergei"]
[Result "1/2-1/2"]
[WhiteElo "2238"]
[BlackElo "2596"]
[Annotator "TA"]
[PlyCount "115"]
[EventDate "2017.??.??"]
[EventType "swiss"]
[EventCountry "LAT"]
[SourceTitle "playchess.com"]
[Source "ChessBase"]
[SourceQuality "1"]

{[%evp 14,115,0,-23,-34,-30,-28,-32,-29,-37,-45,-23,-9,-21,-20,-67,-67,-60,-62,-55,-50,-55,-56,-66,-57,-55,-58,-66,-58,-79,-69,-96,-86,-147,-55,-57,-43,-49,-40,-39,-35,-41,-17,-42,-11,-33,-20,-29,0,0,0,0,9,0,13,5,41,10,10,0,16,7,7,10,23,8,7,0,0,0,0,0,0,0,0,0,0,0,0,0,0,0,0,0,0,0,0,0,0,0,0,0,0,0,0,0,0,0,0,0,0,0,0,-19]} 1. e4 e5 2. Nf3 Nc6 3. Bb5 a6 4. Ba4 d6 5. Bxc6+ bxc6 6. d4 exd4 7. Nxd4 c5 8. Nc6 Qd7 {C73: Ruy Lopez: Deferred Steinitz: 5 Bxc6+} 9. Na5 $1 ({Not} 9. Qd5 $2 Nf6 $19) 9... Qa4 10. Qd5 $1 {[%cal Rd5a8]} Rb8 {Black is slightly better.} ({But not} 10... Qxa5+ $2 11. Bd2 $16) 11. Qc6+ $1 ({Wrong is} 11. Nc6 $2 Bb7 $19) 11... Qxc6 $1 12. Nxc6 Ra8 (12... Rb6 $5 {[%cal Rb6c6]} 13. Na5 g6 $11) (12... Rb6 13. Na5 f5 14. exf5 Bxf5 15. Nc4 Rb8 16. Ne3 {½-½ (35) Bartel,M (2608)-Kuljasevic,D (2546) Biel 2017}) 13. Na5 f5 14. exf5 $146 ({Find the theoretical novelty and annotate with similar games:} 14. f3 fxe4 15. fxe4 Be6 16. Nc3 {0-1 (53) Bohosjan,S-Ivkov,B Caorle 1972}) 14... Bxf5 15. c4 g6 16. Bd2 {[#] Strongly threatening Bc3.} Nf6 {[%cal Bg8f6,Bf6h5,Bh5g7,Bg7e6][%mdl 32]} 17. Bc3 Kf7 18. O-O Bh6 19. Nd2 Rhe8 20. Rfe1 Nh5 {Threatens to win with ...Nf4.} 21. g3 Ng7 22. a3 Ne6 23. Nc6 {[#]} (23. Nf3 $142) 23... Bc2 (23... Nd4 $1 $17 {[%mdl 512]} 24. Bxd4 Bxd2) 24. Nf3 $15 Ba4 25. Na5 Bf8 26. b3 Bd7 27. Rad1 Re7 28. Re3 h6 29. Red3 Be8 30. h4 Ng7 31. Bd2 Nh5 32. b4 cxb4 33. axb4 Nf6 34. Nd4 Kg8 35. f3 Bf7 36. Ndc6 Ree8 37. Re3 Nd7 38. Rde1 Nb6 39. Rxe8 Bxe8 {The position is equal.} 40. Ne7+ Kh7 41. Nd5 Nxd5 42. cxd5 Bf7 43. Rc1 Rc8 44. Nc4 Rb8 45. Ne3 Rb7 46. Rc6 Bg7 47. Rxa6 Bd4 48. Ra5 Bb6 49. Ra6 Bxe3+ 50. Bxe3 Bxd5 $11 {[%mdl 4096] Endgame KRB-KRB} 51. Ra7 Bxf3 52. Kf2 Bh1 (52... Bc6 {with more complications.} 53. Rxb7 Bxb7 54. Ba7 c6 55. Be3 Kg7) 53. Rxb7 Bxb7 54. Ba7 c6 55. Bb8 d5 56. Ke3 Kg7 57. Kd4 Ba6 58. Bc7 {Precision: White = 62%, Black = 55%.} 1/2-1/2